000 00511nam a2200133 a 4500
008 120416s1966 ||||||||||||||||| || u
050 _aTA 683 Eve
100 _aEverad, Noel J
245 1 0 _aSchaum's outline of theory and problems of reinforced concrete design
260 _aNew York
_bMcGraw-Hill
_c1966
300 _a(vi), 325p. : ill.
350 _a0.00
995 _D0.00
_FCBU-MAIN LIBRARY (Kitwe)
_H1
_I12.00
_UAVAILABLE
_ZMain Library Open Access Collection
999 _c57038
_d57038